| 000 | 00811cam a2200157 4500500 | ||
|---|---|---|---|
| 005 | 20260322012110.0 | ||
| 041 | _afre | ||
| 042 | _adc | ||
| 100 | 1 | 0 |
_aMalamoud, Charles _eauthor |
| 245 | 0 | 0 | _aA l’articulation de la nature et de la culture : le rite |
| 260 | _c1985. | ||
| 500 | _a97 | ||
| 520 | _aRésuméSelon Georges Pauget, le modèle de la banque universelle, en faveur en Europe et qui a le mieux résisté à la crise, devient inadapté : l’avenir serait aux banques qui combinent deux, et seulement deux parmi trois métiers, la banque de détail, la gestion d’actifs et la banque d’investissement. | ||
| 786 | 0 | _nLe Genre humain | 12 | 1 | 1985-03-21 | p. 233-246 | 0293-0277 | |
| 856 | 4 | 1 | _uhttps://shs.cairn.info/revue-le-genre-humain-1985-1-page-233?lang=fr&redirect-ssocas=7080 |
| 999 |
_c1770024 _d1770024 |
||